000
00271nmm a2200085Ia 4500
008
220120s9999||||xx |||||||||||||||||und||
100
_a
PCQ August 2009
_9
11180
245
0
_a
15 tools for disk & file mgmt, backup & recovery, 2 linux 15
260
_a
Cyber tach publication
_c
2009
999
_c
139440
_d
139440